| 000 | 00852 a2200289 4500 | ||
|---|---|---|---|
| 001 | 25212 | ||
| 999 |
_c25212 _d11691 |
||
| 003 | TR-AnTOB | ||
| 005 | 20210817091033.0 | ||
| 008 | 060313s2006 tu 00010 tur | ||
| 020 | _a9758564307 | ||
| 041 | _atur | ||
| 050 | 0 |
_aHG3701 _b.S39 2006 |
|
| 090 | _aHG3701 .S39 2006 | ||
| 100 |
_aSayım, Ferhat _920513 |
||
| 245 | 0 |
_aBankalarda kredi karşılıkları sistemi ve vergisel incelenmesi / _cFerhat Sayım. |
|
| 264 | 1 |
_aİstanbul : _bTürkiye Bankalar Birliği, _c2006. |
|
| 300 | _a300 s. | ||
| 490 | 0 | _aTürkiye Bankalar Birliği yayınları no:244 | |
| 504 | _aKaynakça s.289-298 | ||
| 650 | 7 |
_aKredi _2etuturkob _97730 |
|
| 650 |
_aBank loans _9120571 |
||
| 650 |
_aBanka kredileri _918541 |
||
| 650 |
_aCredit _xMathematical models _9261 |
||
| 710 | 2 | 2 |
_aTürkiye Bankalar Birliği _934056 |
| 902 | _a0013472 | ||
| 942 | _cBK | ||